LEADER 01179nam a2200265 i 4500 001 000000067769 003 CaOOAMICUS 005 20100608000000.0 008 100608s1970 it u000 u ita u 013 $a38941 040 $aSeMil$bita 100 1 $aRussell, Bertrand,$d<1872-1970>.$0(OLS)http://semarc/name/6603 245 10$aLinguaggio e realtà /$cRussell ; antologia a cura di Massimo A. Bonfantini. 260 $aBari :$bLaterza,$c1970. 300 $a220 p. ;$c19 cm. 490 0 $aPiccola biblioteca filosofica Laterza ;$v58 600 14$aRussell, Bertrand <1872-1970>.$0(OLS)http://semarc/subject/11281 650 4$aLinguaggio - Filosofia.$0(OLS)http://semarc/subject/1247 650 4$aFilosofia del linguaggio.$0(OLS)http://semarc/subject/3184 700 1 $aBonfantini, Massimo A.,$d<1942- >.$0(OLS)http://semarc/name/32828 830 0$aPiccola biblioteca filosofica Laterza ;$v58.$0(OLS)http://semarc/title/18486 850 $aSeMil 852 $aSeMil$W1$xVenegono$y1$m2O I 327$j33922$B33922$CSeMilBibl$Z2$F33925 $81 996 $6245$aLinguaggio e realtà$9(OLS)http://semarc/title/108050 996 $6260$aBari :$bLaterza$9(OLS)http://semarc/publisher/29858 LEADER 01269nam a2200265 i 4500 001 000000195415 003 CaOOAMICUS 005 20161111000000.0 008 161111s1999 it u000 u ita u 013 $a174088 040 $aSeMil$bita 245 12$aL'Impegno nella Cooperazione :$bsedici protagonisti si raccontano /$cA cura di Alessia Ghedini ; Consulenza Scientifica di Duccio Demetrio. 260 $aPavia :$bEdizioni CdG,$cstampa 1999. 300 $a335 p. :$bill. ;$c24 cm. 490 0 $aTestimoni del 2000 650 4$aCooperazione - Italia - Storia - Saggi.$0(OLS)http://semarc/subject/36711 650 4$aCooperative - Italia - Storia - Saggi.$0(OLS)http://semarc/subject/36712 700 1 $aDemetrio, Duccio,$d<1945- >.$0(OLS)http://semarc/name/12525 700 1 $aGhedini, Alessia.$0(OLS)http://semarc/name/70930 830 0$aTestimoni del 2000.$0(OLS)http://semarc/title/10859 850 $aSeMil 852 $aSeMil$W1$xVenegono$y1$m3M IV 254$j145984$B145984$CSeMilBibl$Z2$F214507 $81 961 $aOmaggio: Grampa dott. Cesare 996 $6245$aL'Impegno nella Cooperazione :$bsedici protagonisti si raccontano$9(OLS)http://semarc/title/281939 996 $6260$aPavia :$bEdizioni CdG$9(OLS)http://semarc/publisher/32225